LEADER 01813nam 2200421 450 001 000000892 005 20050718115000.0 100 $a--------h19381938km-y0itay0103----ba 101 0 $aita 102 $aIT 200 1 $aPoesie$fdi Leonardo Sinisgalli$gcon sei disegni di D. Cantatore 210 $aVenezia$cEdizione del Cavallino$d1938 - XVI$eVenezia$gSoc. Acc. Stamperia Zanetti in Venezia$h1938 215 $a109 p.$c6 ill. f. t.$d22 cm 303 $aSulla terza di cop.: "Prezzo Lire 12" 303 $aSull'occhietto dedica manoscritta dell'aut.: "A Mimì, per tanti/ anni di amicizia/ Leonardo/ [...] 11 agosto 1939" 305 $aSull'ultima pagina dopo l'indice: "Questo libro è stato stampato a cura di Carlo Cardazzo "Edizione del Cavallino" in N. 149 esemplari in carta pesante numerati a mano fuori commercio N. 349 esemplari in carta leggera. La stampa è stata eseguita dalla soc. Acc. Stamperia Zanetti in Venezia nel gennaio 1938" 320 $aIndice alla fine del testo 700 1$aSinisgalli,$bLeonardo$011743 701 1$aCantatore,$bD.$0438561 702 1$aCardazzo,$bCarlo 801 0$aIT$bUniversità della Basilicata - B.I.A.$gRICA$2unimarc 912 $a000000892 996 $aPoesie$971099 997 $aUNIBAS BAS $aMONLET BAS $aMONOGR BAS $aLETTERE CAT $aGINO$b01$c19990628$lBAS01$h1730 CAT $c20000913$lBAS01$h1424 CAT $c20000920$lBAS01$h1828 CAT $c20001010$lBAS01$h1631 CAT $c20050601$lBAS01$h1752 CAT $abatch$b01$c20050718$lBAS01$h1047 CAT $c20050718$lBAS01$h1106 CAT $c20050718$lBAS01$h1136 CAT $c20050718$lBAS01$h1150 FMT Z30 -1$lBAS01$LBAS01$mBOOK$1BASA1$APolo Storico-Umanistico$2FDEP$BFondo De Pilato$3FD/1872$61872$5D1872$820031016$f52$FRari